International trade in managerial skills; being an inquiry into the provision of certain British managerial and technical services for the operation of industrial enterprise in und (Record no. 365382)

000 -LEADER
fixed length control field 00519cam a22001337a 4500
008 - FIXED-LENGTH DATA ELEMENTS--GENERAL INFORMATION
fixed length control field 180718b1957 xxu||||| |||| 00| 0 eng d
082 ## - DEWEY DECIMAL CLASSIFICATION NUMBER
Classification number D78 F439
100 ## - MAIN ENTRY--PERSONAL NAME
Personal name Forde, J.S.
245 ## - TITLE STATEMENT
Title International trade in managerial skills; being an inquiry into the provision of certain British managerial and technical services for the operation of industrial enterprise in und
Statement of responsibility, etc. by J.S. Forde
260 ## - PUBLICATION, DISTRIBUTION, ETC.
Place of publication, distribution, etc. Oxford
Name of publisher, distributor, etc. Blackwell
Date of publication, distribution, etc. 1957
300 ## - PHYSICAL DESCRIPTION
Extent 153p.
650 ## - SUBJECT ADDED ENTRY--TOPICAL TERM
Topical term or geographic name entry element Technical assistance, British
650 ## - SUBJECT ADDED ENTRY--TOPICAL TERM
Topical term or geographic name entry element Business consultants
Holdings
Withdrawn status Lost status Damaged status Not for loan Permanent Location Current Location Date acquired Full call number Barcode Date last seen Price effective from Koha item type
        Indian Institute of Public Administration Indian Institute of Public Administration 1994-04-19 D78 F439 9343 2018-07-21 2018-07-21 Book

Powered by Koha